Franklin Delano Roosevelt and his New Deal

Elmentve itt :
Bibliográfiai részletek
Szerző: Hermanné Keresztes Györgyi
További közreműködők: Csillag András (Témavezető)
Dokumentumtípus: Szakdolgozat
Megjelent: 1996
Tárgyszavak:
Online Access:http://diploma.bibl.u-szeged.hu/77677
LEADER 00578nta a2200157 i 4500
001 dipl77677
005 20200623124551.0
008 190620s1996 hu om 0|| eng d
040 |a SZTE Diploma Repozitórium  |b hun 
041 |a eng 
100 2 |a Hermanné Keresztes Györgyi 
245 1 0 |a Franklin Delano Roosevelt and his New Deal  |h [elektronikus dokumentum] /  |c Györgyi Hermanné Keresztes 
260 |c 1996 
650 4 |a Pedagógusképzés 
700 1 |a Csillag András  |e ths 
856 4 0 |u http://diploma.bibl.u-szeged.hu/id/eprint/77677/1/1996_hermanne-keresztes_gyorgyi.pdf  |z Dokumentum-elérés